LEADER 01309nam a2200289 4500 001 000000334637 003 CaOOAMICUS 005 20190829151017.0 008 190704s1999 fr a 000 u fre r 020 $a2-213-60320-0 040 $aSeMil$bita 100 1 $aLegendre, Pierre,$d<1930- >.$0(OLS)http://semarc/name/57447 245 10$aSur la question dogmatique en Occident :$baspects théoriques /$cPierre Legendre. 264 1$aParis :$bFayard,$c1999. 300 $a368 p., [3] p. di tav. :$bill. ;$c22 cm 500 $aRaccolta di articoli e interviste già pubblicati 650 4$aDiritto - Filosofia.$0(OLS)http://semarc/subject/4643 650 4$aIdeologia - Filosofia.$0(OLS)http://semarc/subject/8546 650 4$aNorme sociali - Filosofia.$0(OLS)http://semarc/subject/15723 650 4$aLinguaggio - Filosofia.$0(OLS)http://semarc/subject/1247 850 $aSeMil 852 $aSeMil$W1$xVenegono$y1$m2P VII 434$j216777$B226824$CSeMilBibl$Z2$F226824 $81 961 $aAntonelli don Mario - Omaggio 996 $6020$a2-213-60320-0$9(OLS)http://semarc/number/287834 996 $6245$aSur la question dogmatique en Occident :$baspects théoriques$9(OLS)http://semarc/title/424301 996 $6264$aParis :$bFayard$9(OLS)http://semarc/publisher/29821 LEADER 01370nam a2200289 i 4500 001 000000047865 003 CaOOAMICUS 005 20221017135306.0 008 121031s1659 it u000 u lat u 013 $a19035 026 $al.9. u*ex a-o- covt (3) 1659 (A) - [* =ae] 040 $aSeMil$bita 100 1 $aEsparza Artieda, Martin : de,$c.$0(OLS)http://semarc/name/12537 240 10$aR.p. Martini de Esparza Artieda ... Quaestiones disputandae de angelis.$0(OLS)http://semarc/title/72263 245 10$aQuaestiones disputandae de angelis auctore. R.p. Martino de Esparza Artieda Societatis Iesu. 260 $aRomae :$bTypis HH. Corbelletti,$c1659. 300 $a[12], 591, [21] p. ;$c12º. 500 $aEmblema dei Gesuiti sul front. 500 $aSegn.: a6 A-2B12 2C6 650 4$aAngelologia.$0(OLS)http://semarc/subject/5792 650 4$aTeologia - Testi - Sec. 17.$0(OLS)http://semarc/subject/2241 710 0 $aCorbelletti eredi$c.$0(OLS)http://semarc/name/12538 850 $aSeMil 852 $aSeMil$W1$xVenegono$y1$m2D I 69 FA$j14020$B14020$CSeMilBibl$Z2$F14020 $8I 996 $6245$aQuaestiones disputandae de angelis auctore. R.p. Martino de Esparza Artieda Societatis Iesu$9(OLS)http://semarc/title/72262 996 $6260$aRomae :$bTypis HH. Corbelletti$9(OLS)http://semarc/publisher/37373